000 01735ngm a22004210a 4500
001 PT13922
003 AR-LpoUNG
005 20210202000409.0
007 vd cvaizq
008 191001s1999||||ag |||||||||||||||||spa d
037 _c$7.96
037 _c$8.30
037 _c$9,97
040 _aAR-LpoUNG
_bspa
_cAR-LpoUNG
_eaacr
041 _aspa
044 _aag
082 0 _a982.064 391gar
100 1 _aBechis, Marcos
_edir.
245 1 0 _aGarage olímpo
260 _aSan Luis :
_bAVH,
_c[1999].
300 _aVHS (98 min.) : son., col.
505 0 _aGuión: Lara Fremder.
520 _aDurante la dictadura militar, María vive con su madre, en una casa en decadencia con algunas habitaciones alquiladas y en una de ellas vive Félix, un joven tímido, enamorado de María, y que según el, trabaja de vigilante en un garaje. María trabaja en un barrio pobre, enseñando a leer y escribir, y además, es activista de una pequeña organización opuesta a la Dictadura militar. Una mañana, una brigada de soldados detiene a María, es llevada al interior del Garage Olimpo, una de las numerosas zonas de tortura usadas por los militares ante la indiferencia e ignorancia general. Tigre, encargado del centro, designa a uno de sus mejores hombres para hacer el interrogatorio. Esa persona es Félix, su inquilino.
650 4 _aARGENTINA
650 4 _aASPECTOS POLITICOS
650 4 _aCAMPOS DE CONCENTRACION
650 4 _aCOMPORTAMIENTO POLITICO
650 4 _aDEMOCRACIA
650 4 _aDICTADURA
650 4 _aFUERZAS ARMADAS
650 4 _aGOBIERNO MILITAR
650 4 _aHISTORIA SOCIAL
650 4 _aTORTURA
653 _aCINE ARGENTINO
653 _aVIDEOS
905 _a13922
942 _cVIDEO
999 _c54787
_d54787